000 00471nam a2200145Ia 4500
008 151213s9999 xx 000 0 und d
100 _aরশিদ করিম।
245 _aআর এক দৃস্টি কোণ।
_cরশিদ করিম।
260 _aঢাকা
_bবাংলা একাডেমী।
_c1989
300 _a8785 p.
650 _aBangla
650 _aউপন্যাস
700 _aরশিদ করিম।
999 _c4570
_d4570